Police, ouvrez ! - Statistiques

Statistiques générales
  • Ce quiz a été pris 328 fois
  • Le résultat moyen est 3 sur 7
Answers on the Grid
Answers color-coded by a green-red scale on the quiz's grid according to % correct below.
Tamaskan
Zuchon
Bouledrogue
Schillerstövare
Dopebermann
Fix terrier
Loulou de Poménarie
Chichon maltais
Intimidateur américain
Shit hua hua
Porcelaine
Spitz ball
 
Statistiques - réponses
Réponse % Correct
Chichon maltais
52%
Dopebermann
52%
Bouledrogue
45%
Fix terrier
43%
Shit hua hua
39%
Spitz ball
36%
Loulou de Poménarie
29%
Aucun quiz correspondant
Distribution des résultats
% des personnes avec chaque résultat
Percentile par nombre de réponses
Votre historique - résultats
Vous n’avez pas pris ce quiz